Kujawsko-Pomorskie - prawda czy fałsz? - Statystyki

Ogólne statystyki
  • Ten quiz został rozwiązany 128 razy
  • Średni wynik to 10 z 15
Statystyki odpowiedzi
Zagadnienie Odpowiedź % Poprawnych
Leży nad morzem Fałsz
100%
Posiada 2 stolicę Prawda
100%
Ciechocinek słynie jako miasto uzdrowiskowe Prawda
93%
Jest większe od Pomorskiego Fałsz
83%
Graniczy z 5 województwami Prawda
83%
Włocławek jest większy od Grudziądza Prawda
83%
Czarna Góra to najwyższe wniesienie województwa Prawda
77%
Wisła przepływa przez 4 największe miasta w województwie Prawda
70%
Siedziba wojewody znajduje się w Toruniu Fałsz
67%
Posiada klub w 2 lidze polskiej Prawda
60%
Największy jest powiat Włocławski Fałsz
50%
Michał Sztybel to wojewoda tego województwa Prawda
43%
Ma populacje w powyżej 2 mln Prawda
43%
Posiada chociaż jeden park narodowy Fałsz
37%
Ignacy Jan Paderewski urodził się w Kujawsko-Pomorskim Fałsz
33%
Nie znaleziono quizów pasujących do podanych kryteriów
Rozkład punktacji
Procent ludzi z każdym wynikiem
Percentyl według liczby udzielonych odpowiedzi
Twoja historia wyników
Nie rozwiązałeś tego quizu